Исследование свойств сорбента КФГМ-7; Энергетика: эффективность, надежность, безопасность; Т. 2
| Parent link: | Энергетика: эффективность, надежность, безопасность: материалы XX Всероссийской научно-технической конференции, 2-4 декабря 2014 г., Томск/ Национальный исследовательский Томский политехнический университет (ТПУ) [и др.] ; ред. кол. В. В. Литвак [и др.].— , 2014 Т. 2.— 2014.— [С. 133-136] |
|---|---|
| Kurumsal yazarlar: | , |
| Diğer Yazarlar: | , , , , |
| Özet: | Заглавие с титульного экрана |
| Dil: | Rusça |
| Baskı/Yayın Bilgisi: |
2014
|
| Seri Bilgileri: | Экология и защита окружающей среды |
| Konular: | |
| Online Erişim: | http://earchive.tpu.ru/handle/11683/25631 http://www.lib.tpu.ru/fulltext/c/2014/C15/V2/048.pdf |
| Materyal Türü: | MixedMaterials Elektronik Kitap Bölümü |
| KOHA link: | https://koha.lib.tpu.ru/cgi-bin/koha/opac-detail.pl?biblionumber=611007 |
MARC
| LEADER | 00000naa2a2200000 4500 | ||
|---|---|---|---|
| 001 | 611007 | ||
| 005 | 20250916113510.0 | ||
| 035 | |a (RuTPU)RU\TPU\conf\8649 | ||
| 035 | |a RU\TPU\conf\8643 | ||
| 090 | |a 611007 | ||
| 100 | |a 20150210d2014 k y0rusy50 ca | ||
| 101 | 0 | |a rus | |
| 102 | |a RU | ||
| 105 | |a y z 101zy | ||
| 135 | |a drcn ---uucaa | ||
| 181 | 0 | |a i | |
| 182 | 0 | |a b | |
| 200 | 1 | |a Исследование свойств сорбента КФГМ-7 |f А. М. Слепнев, О. А. Немцова, Д. В. Мартемьянов [и др.] | |
| 203 | |a Текст |c электронный | ||
| 225 | 1 | |a Экология и защита окружающей среды | |
| 300 | |a Заглавие с титульного экрана | ||
| 320 | |a [Библиогр.: с. 135-136 (10 назв.)] | ||
| 337 | |a Adobe Reader | ||
| 461 | 1 | |0 (RuTPU)RU\TPU\conf\8486 |t Энергетика: эффективность, надежность, безопасность |o материалы XX Всероссийской научно-технической конференции, 2-4 декабря 2014 г., Томск |o в 2 т. |f Национальный исследовательский Томский политехнический университет (ТПУ) [и др.] ; ред. кол. В. В. Литвак [и др.] |d 2014 | |
| 463 | 0 | |0 (RuTPU)RU\TPU\conf\8490 |t Т. 2 |v [С. 133-136] |d 2014 | |
| 610 | 1 | |a труды учёных ТПУ | |
| 610 | 1 | |a электронный ресурс | |
| 610 | 1 | |a исследование | |
| 610 | 1 | |a свойства | |
| 610 | 1 | |a сорбенты | |
| 610 | 1 | |a тяжелые металлы | |
| 610 | 1 | |a гидросфера | |
| 701 | 1 | |a Слепнев |b А. М. | |
| 701 | 1 | |a Немцова |b О. А. |c специалист в области экологии и безопасности жизнедеятельности |c ассистент кафедры Томского политехнического университета |f 1983- |g Ольга Александровна |3 (RuTPU)RU\TPU\pers\33498 | |
| 701 | 1 | |a Мартемьянов |b Д. В. |c химик |c инженер-исследователь Томского политехнического университета |f 1978- |g Дмитрий Владимирович |3 (RuTPU)RU\TPU\pers\30853 |9 15099 | |
| 701 | 1 | |a Мухортов |b Д. Н. |c физик |c инженер-исследователь Томского политехнического университета |f 1981- |g Денис Николаевич |3 (RuTPU)RU\TPU\pers\31200 | |
| 701 | 1 | |a Слядников |b П. Е. |c химик |c эксперт Томского политехнического университета |f 1985- |g Павел Евгеньевич |3 (RuTPU)RU\TPU\pers\32476 | |
| 712 | 0 | 2 | |a Национальный исследовательский Томский политехнический университет (ТПУ) |b Институт неразрушающего контроля (ИНК) |b Кафедра экологии и безопасности жизнедеятельности (ЭБЖ) |3 (RuTPU)RU\TPU\col\18720 |
| 712 | 0 | 2 | |a Национальный исследовательский Томский политехнический университет (ТПУ) |b Институт физики высоких технологий (ИФВТ) |b Лаборатория № 12 |3 (RuTPU)RU\TPU\col\19054 |
| 801 | 2 | |a RU |b 63413507 |c 20210419 |g RCR | |
| 856 | 4 | |u http://earchive.tpu.ru/handle/11683/25631 | |
| 856 | 4 | |u http://www.lib.tpu.ru/fulltext/c/2014/C15/V2/048.pdf | |
| 942 | |c BK | ||